Physical pharmaceutics (Record no. 8656)

MARC details
000 -LEADER
fixed length control field 00465nam a2200169Ia 4500
008 - FIXED-LENGTH DATA ELEMENTS--GENERAL INFORMATION
fixed length control field 230917s9999||||xx |||||||||||||| ||und||
020 ## - ISBN
Price RS 450.00
040 ## - CATALOGING SOURCE
-- 5011250
Original cataloging agency VIVEKANANDA LIBRARY
041 ## - Language
-- English
082 ## - DDC NUMBER
Classification number 615.19 M312P
100 ## - MAIN ENTRY--PERSONAL NAME
Personal name Manavalan, R
245 #0 - TITLE STATEMENT
Title Physical pharmaceutics
260 ## - PUBLICATION, DISTRIBUTION, ETC. (IMPRINT)
Place of publication, distribution, etc Hyderabad
Name of publisher, distributor, etc Pharma Med Press
Date of publication, distribution, etc 2022
300 ## - PHYSICAL DESCRIPTION
Pages 374 p.
500 ## - GENERAL NOTE
General note 5039 18/01/2023 HBD23/9683 19/01/2023 Pharmaceutical Sciences (Non- Plan)
942 ## - ADDED ENTRY ELEMENTS (KOHA)
Koha item type Books
Holdings
Withdrawn status Lost status Damaged status Not for loan Location (home branch) Sublocation or collection (holding branch) Date acquired Koha issues (times borrowed) Koha full call number Accession No. Koha date last seen Koha item type
        VIVEKANANDA LIBRARY VIVEKANANDA LIBRARY 24/02/2023 29 615.19 M312P 403229 11/02/2026 Books
© Designed and Maintained by Vivekananda Library, MDU Rohtak